Designing Smart and Resilient Cities for a Post-Pandemic World : Metropandemic Revolution.

Through a series of investigative studies, this book critically discusses and compares different cases, innovations and approaches as to how cities can utilise nascent and future digital technology and new strategies in order to build stronger resilience to better tackle comparable large-scale pande...

Full description

Bibliographic Details
Main Author: Larsson, Anthony.
Other Authors: Hatzigeorgiou, Andreas.
Format: eBook
Language:English
Published: Milton : Taylor & Francis Group, 2022.
Edition:1st ed.
Series:Routledge Advances in Regional Economics, Science and Policy Series
Subjects:
Online Access:Click to View
LEADER 02055nam a22004093i 4500
001 EBC7245550
003 MiAaPQ
005 20231204023229.0
006 m o d |
007 cr cnu||||||||
008 231204s2022 xx o ||||0 eng d
020 |a 9781000636024  |q (electronic bk.) 
020 |z 9781032516851 
035 |a (MiAaPQ)EBC7245550 
035 |a (Au-PeEL)EBL7245550 
035 |a (OCoLC)1378933663 
040 |a MiAaPQ  |b eng  |e rda  |e pn  |c MiAaPQ  |d MiAaPQ 
082 0 |a 307.76 
100 1 |a Larsson, Anthony. 
245 1 0 |a Designing Smart and Resilient Cities for a Post-Pandemic World :  |b Metropandemic Revolution. 
250 |a 1st ed. 
264 1 |a Milton :  |b Taylor & Francis Group,  |c 2022. 
264 4 |c Ã2023. 
300 |a 1 online resource (395 pages) 
336 |a text  |b txt  |2 rdacontent 
337 |a computer  |b c  |2 rdamedia 
338 |a online resource  |b cr  |2 rdacarrier 
490 1 |a Routledge Advances in Regional Economics, Science and Policy Series 
520 |a Through a series of investigative studies, this book critically discusses and compares different cases, innovations and approaches as to how cities can utilise nascent and future digital technology and new strategies in order to build stronger resilience to better tackle comparable large-scale pandemics and future disruptions. 
588 |a Description based on publisher supplied metadata and other sources. 
590 |a Electronic reproduction. Ann Arbor, Michigan : ProQuest Ebook Central, 2023. Available via World Wide Web. Access may be limited to ProQuest Ebook Central affiliated libraries.  
655 4 |a Electronic books. 
700 1 |a Hatzigeorgiou, Andreas. 
776 0 8 |i Print version:  |a Larsson, Anthony  |t Designing Smart and Resilient Cities for a Post-Pandemic World  |d Milton : Taylor & Francis Group,c2022  |z 9781032516851 
797 2 |a ProQuest (Firm) 
830 0 |a Routledge Advances in Regional Economics, Science and Policy Series 
856 4 0 |u https://ebookcentral.proquest.com/lib/matrademy/detail.action?docID=7245550  |z Click to View